| 000 | 00523cam a2200157 i 4500 | ||
|---|---|---|---|
| 005 | 20250901165333.0 | ||
| 008 | 760428s1976 miua b 001 0 eng | ||
| 010 | _a 75022965 | ||
| 020 | _a0916162001 | ||
| 050 | 0 | 0 |
_aHF5415 .G655 _b.G655 |
| 082 | 0 | 0 | _a658.8 |
| 245 | 0 | 4 |
_aThe Great writings in marketing : _bselected readings together with the authors' own retrospective commentaries / _cHoward A. Thompson. |
| 260 |
_aPlymouth, Mich. : _bCommerce Press, _cc1976. |
||
| 300 |
_axv, 622 p. : _bill. ; _c23 cm. |
||
| 942 | _2ddc | ||
| 999 |
_c2358 _d2358 |
||